| 000 | 00537nam a2200205Ia 4500 | ||
|---|---|---|---|
| 003 | GCL | ||
| 008 | 140319s9999 xx 000 0 eng d | ||
| 040 |
_aGCL / _cGCL |
||
| 082 | 0 | 4 |
_a370.193 _bH P |
| 100 | 1 | _aHUGHES, MARTIN | |
| 245 | 1 | 0 |
_aPARENTS AND THEIR CHILDREN'S SCHOOL / _cHUGHES, MARTIN |
| 700 | 1 | _aWIKELEY, FELICILY | |
| 700 | 1 | _aNASH, TRICIA | |
| 260 |
_a[S.N] : _bBLACKWELL PUBLISHERS ، _c1994 |
||
| 300 | _a228 P | ||
| 650 | 0 | 4 | _aEDUCATION |
| 650 | 0 | 4 | _aGREAT BRITAIN |
| 650 | 0 | 4 | _aHOME AND SCHOOL |
| 942 |
_2ddc _cBK |
||
| 999 |
_c23489 _d23489 |
||